LDR 01068naa#a2200181#i#450# 001 RU\\bibl\126705 005 20260630053620.2 011 ## _a2223-9987 100 ## _a20260629b2026####ek#y0rusy0150####ca 102 ## _aRU 200 1# _aАнализ современного состояния и перспектив развития конкуренции в сфере закупок в контексте концепции технологического развития России _eЖурнальная статья 210 1# _aСанкт-Петербург _cФГБОУ ВО "Петербургский государственный университет путей сообщения Императора Александра I" _d2026 215 ## _a12 с. 608 ## _aЖурнальная статья _2local 675 ## _aЭкономика строительства. 69.003 _aЗакупки. План закупок. 658.71 _z 700 #1 _aМиронов _gСергей Игоревич 700 #1 _aОпарин _gСергей Геннадиевич 856 4# _aatjournal.ru _u